000 00360nam a2200133Ia 4500
005 20260328101531.0
008 260328s9999||||xx |||||||||||||| ||und||
100 _aSting, Hellmuth
245 0 _aModulo de Vivienda y Grupo Residencial. Tipologia /
_cHellmuth Sting
260 _bGustavo Gili
300 _a44 p.
650 _aVIVIENDA MULTIFAMILIAR
942 _cBK
999 _c9966
_d9966